000 00206 a2200097 4500
001 26542
100 _aGreen D C
245 _aTransmission systems TEC
260 _a
_bPitman
_c1978
090 _c17839
_d17839
942 _aNUST-CAE
_cM
_c8712
999 _c261615
_d261615